Trustee of the nation (Record no. 17117)
[ view plain ]
| 000 -LEADER | |
|---|---|
| fixed length control field | 01183cam a2200361 a 4500 |
| 001 - CONTROL NUMBER | |
| control field | 17036382 |
| 003 - CONTROL NUMBER IDENTIFIER | |
| control field | OSt |
| 005 - DATE AND TIME OF LATEST TRANSACTION | |
| control field | 20140310182903.0 |
| 008 - FIXED-LENGTH DATA ELEMENTS--GENERAL INFORMATION | |
| fixed length control field | 111106s2011 ph a b 001 0beng |
| 010 ## - LIBRARY OF CONGRESS CONTROL NUMBER | |
| LC control number | 2011308478 |
| 020 ## - INTERNATIONAL STANDARD BOOK NUMBER | |
| International Standard Book Number | 9789712726323 (pbk.) |
| 020 ## - INTERNATIONAL STANDARD BOOK NUMBER | |
| International Standard Book Number | 9789712726330 (hard) |
| 040 ## - CATALOGING SOURCE | |
| Original cataloging agency | DLC |
| Transcribing agency | DLC |
| Modifying agency | DLC |
| 042 ## - AUTHENTICATION CODE | |
| Authentication code | lcode |
| -- | pcc |
| 043 ## - GEOGRAPHIC AREA CODE | |
| Geographic area code | a-ph--- |
| 050 00 - LIBRARY OF CONGRESS CALL NUMBER | |
| Classification number | DS 686.616 |
| Item number | .T468 2011 |
| 082 ## - DEWEY DECIMAL CLASSIFICATION NUMBER | |
| Classification number | FIL 959.9058 |
| Item number | .T468 2011 |
| 100 1# - MAIN ENTRY--PERSONAL NAME | |
| Personal name | Thompson, W. Scott |
| Fuller form of name | (Willard Scott), |
| Dates associated with a name | 1942- |
| 245 10 - TITLE STATEMENT | |
| Title | Trustee of the nation |
| Remainder of title | the biography of Fidel V. Ramos |
| Statement of responsibility, etc | Thompson, W. Scott |
| 260 ## - PUBLICATION, DISTRIBUTION, ETC. (IMPRINT) | |
| Place of publication, distribution, etc | Manila |
| Name of publisher, distributor, etc | Published and exclusively distributed by Anvil Pub. |
| Date of publication, distribution, etc | c2011 |
| 300 ## - PHYSICAL DESCRIPTION | |
| Extent | xxiii, 451 p. |
| Other physical details | ill. |
| Dimensions | 23 cm. |
| 504 ## - BIBLIOGRAPHY, ETC. NOTE | |
| Bibliography, etc | Includes bibliographical references (p. 425-440) and index. |
| 521 ## - TARGET AUDIENCE NOTE | |
| Target audience note | |
| 526 ## - STUDY PROGRAM INFORMATION NOTE | |
| Reading level | 1210L-1700L |
| 541 ## - IMMEDIATE SOURCE OF ACQUISITION NOTE | |
| -- | 1 |
| 562 ## - COPY AND VERSION IDENTIFICATION NOTE | |
| Number of copies | 1 |
| 600 10 - SUBJECT ADDED ENTRY--PERSONAL NAME | |
| Personal name | Ramos, Fidel V., |
| Dates associated with a name | 1928- |
| 650 #0 - SUBJECT ADDED ENTRY--TOPICAL TERM | |
| Topical term or geographic name as entry element | Presidents |
| Geographic subdivision | Philippines |
| Form subdivision | Biography. |
| 651 #0 - SUBJECT ADDED ENTRY--GEOGRAPHIC NAME | |
| Geographic name | Philippines |
| General subdivision | Politics and government |
| Chronological subdivision | 1986- |
| 906 ## - LOCAL DATA ELEMENT F, LDF (RLIN) | |
| a | 7 |
| b | cbc |
| c | origode |
| d | 3 |
| e | ncip |
| f | 20 |
| g | y-gencatlg |
| 942 ## - ADDED ENTRY ELEMENTS (KOHA) | |
| Source of classification or shelving scheme | Library of Congress Classification |
| Koha item type | Books |
| Call number prefix | Filipininana |
| Withdrawn status | Lost status | Source of classification or shelving scheme | Damaged status | Home library | Current library | Shelving location | Date acquired | Total Checkouts | Total Renewals | Full call number | Barcode | Date last seen | Date checked out | Copy number | Price effective from | Koha item type |
|---|---|---|---|---|---|---|---|---|---|---|---|---|---|---|---|---|
| Library of Congress Classification | College Library | College Library | Filipiniana Section | 11/07/2012 | 1 | 5 | DS 686.616 .T468 2011 | c15601 | 05/08/2018 | 10/04/2017 | 1 | 11/07/2012 | Books |